Music Quiz

Random Music or Song Quiz
Score 0/115 Timer 12:00
0 Plays Today
Song Lyric % Correct
_ On A PrayerLiving
98.8%
Always _ My Mindon
96.4%
More Than _ Feelinga
95.9%
Relax, Take It _easy,
93.7%
Born To _ Wildbe.
93.7%
Light _ Firemy
90.5%
Hips _ LieDon't
90%
_ _ Or Anotherone-way
88.8%
All You _ Is Loveneed
88.8%
We _ The Championsare
88.6%
They _ Care About Usdon't
88.1%
Blowing In _ Windthe
87.6%
Smoke _ The Wateron
87.3%
Have _ Told You LatelyI
87.1%
Losing _ ReligionMy
86.6%
_ A BelieverI'm
86.4%
You Ain't Seen _ Yetnothing
85.2%
Fly _ To The Moonme
84.9%
I _ Die 4 Uwould
83.9%
With A Little Help From My _friends
83.9%
Hey _ Delilahthere
83.5%
Back _ Blackto
83.2%
Ticket To _ride.
82.7%
Ain't _ SunshineNo
82.5%
Don't Let The Sun Go _ On Medown,
82%
The Things We _ For Lovedo.
81.5%
Money For _nothing,
81%
My Way Or The _highway
81%
Fly _ An EagleLike
81%
Never _ Give You Upgonna
81%
There Must _ An Angelbe
80.8%
Rocking In The _ Worldfree.
80.5%
Wouldn't _ Be Niceit.
80.3%
Stairway _ Heavento
80%
I Don't Want To Miss _ Thinga
79.8%
What's _ OnGoing
79.6%
_ JudeHey
79.3%
Somebody That I Used _ Knowto
79.3%
Running With _ Devilthe
79.1%
Song Lyric % Correct
I Still Haven't Found What _ Looking ForI'm
79.1%
Take _ Home, Country Roadsme
78.6%
Another Brick _ The Wallin
78.6%
The _ Of My Lifetime.
78.3%
Don't Stand So Close To _me.
78.1%
Like _ Hurricanea
77.4%
The _ You Make Me Feelway
77.4%
What The _hell.
77.1%
Can't _ Loving Youstop
76.6%
Under _ Bridgethe
76.6%
House Of _ Rising Sunthe
76.4%
When You Say Nothing _ Allat
76.2%
Go Your Own _way.
75.9%
Sex _ Fireon
75.4%
It's _ Lifemy
75.2%
Take On _me
74.7%
I _ A Dollarneed
74.2%
_ Underdown.
74.2%
Bat Out Of _hell.
74%
_ Summer Longall
73.2%
_ Look Back In AngerDon't
73%
Is She Really _ Out With Himgoing
72.7%
When _ Sixty-FourI'm
72.3%
Don't _ Me Nowstop
71.8%
Working On _ Dreama
71.8%
If You Don't Know _ By Nowme.
71.8%
Always _ On The Bright Side Of Lifelook
71%
_ YoursI'm
71%
Relight _ Firemy
71%
Are You _ Go My Waygonna
70.6%
_ Soul SisterHey
70.1%
Shine _ You Crazy Diamondon
69.6%
Waiting _ A Friendon
69.1%
Friday _ In LoveI'm
66.4%
Run _ Youto
66.4%
If You _ Me Nowleave
65.9%
_ Of Soundspeed
65.5%
I'm _ Begonna
64.2%
Life Is For _living
63.5%
Song Lyric % Correct
Take It To The _limit.
63.5%
You're The First, The Last, My _everything
61.3%
Run Like _hell.
61.3%
I've Been Loving You _ Longtoo.
60.6%
If I _ Got YouAin't
59.9%
Give Me One _reason,
59.4%
Ventura _highway
59.4%
Paid My _dues.
56.4%
_ Fault But MineNobody's
56.2%
Plug _ Babyin
55.2%
Time Of The _Season
54.3%
_ Of Confusionland.
52.3%
Vital _signs,
49.9%
Sound _ VisionAnd
49.4%
I Am The _ highway
47.9%
How You _ See Me Nowgonna
43.6%
Spinning _wheel,
42.6%
Travelin' _band.
41.4%
Right _round.
40.6%
_ You A Miraclepromised
37.5%
_ Dancing In A Burning Roomslow
36%
_ All Over The Worldrocking
35%
Dear _mama,
32.1%
_ In Itdown
32.1%
_ To Heaventicket
31.1%
Merrymaking, Drug _Taking
30.7%
No More _rhyme.
30.2%
Break My _stride.
28.7%
_ Berather
25.5%
Song For The _Asking
23.1%
This _ We're Inmess
23.1%
_ ListeningNobody's
22.9%
_ It Onspin
21.9%
_ And ****party
19.7%
_ GodPlaying
19.7%
_ The Price Of Lovepaying
18.7%
At War With _Satan,
13.4%
Remove Ads.
Support Sporcle.
Get the best of Sporcle when you Go Orange. This ad-free experience offers more features, more stats, and more fun while also helping to support Sporcle. Thank you for becoming a member.

You're not logged in!

Compare scores with friends on all Sporcle quizzes.
OR
Log In

Show Comments

Extras

Created Jul 25, 2012ReportNominate
Tags:Artist Quiz, Rock Quiz, Song Quiz

Top Quizzes Today


Score Distribution

Your Account Isn't Verified!

In order to create a playlist on Sporcle, you need to verify the email address you used during registration. Go to your Sporcle Settings to finish the process.

Report this User

Report this user for behavior that violates our Community Guidelines.

Details: